| 000 | 00739nam a2200265 a 4500 | ||
|---|---|---|---|
| 001 | 1312 | ||
| 003 | BD-RjUL | ||
| 005 | 20211208233320.0 | ||
| 008 | 131125s1964 pk 001 0 eng d | ||
| 035 | _a(OCoLC)ocm00944539 | ||
| 035 | _a(BD-RjUL)1334 | ||
| 040 |
_aBUF _cBUF _dZCU _dBD-RjUL _beng |
||
| 041 | _aeng | ||
| 082 |
_222 _a111.85 _bSHS 1964 |
||
| 099 |
_a801 _aSh23 |
||
| 100 | 1 |
_aSharif, Mian Mohammad, _d1893-1965. _93883 |
|
| 245 | 1 | 0 |
_aStudies in aesthetics / _c[by] M. M. Sharif. |
| 260 |
_aLahore : _bInstitute of Islamic Culture _c1964 |
||
| 300 |
_axii, 219 p. _c22 cm. |
||
| 490 | 1 |
_aHis Collected papers, _v3 |
|
| 650 | 0 |
_aAesthetics. _93884 |
|
| 942 |
_2ddc _cBK |
||
| 999 |
_c1312 _d1312 |
||